Caricamento...

Ghadikarangalude sookshippukaran /

Dettagli Bibliografici
Autore principale: Ambikasuthan Mangad
Natura: Printed Book
Lingua:Malayalam
Pubblicazione: Kozhikode : Mathrubhumi Books, 2013
Soggetti:
LEADER 00604 a2200169 4500
008 160829b xxu||||| |||| 00| 0 mal d
999 |c 112416  |d 112416 
020 |a 9788182658639 
082 |a 853.62 GHA 
100 |a Ambikasuthan Mangad 
245 |a Ghadikarangalude sookshippukaran /  |c Ambikasuthan Mangad 
260 |b Mathrubhumi Books,  |c 2013  |a Kozhikode : 
300 |a 123p. ;  |c 21cm 
546 |a Malayalam 
650 |a Malayalam fiction 
942 |2 ddc  |c BK 
952 |0 0  |1 0  |4 0  |6 853_620000000000000_GHA  |7 0  |9 118396  |a UL  |b UL  |c ST1  |d 2016-08-05  |e 176  |g 68.00  |l 12  |m 2  |o 853.62 GHA   |p 94584  |r 2021-04-21  |s 2021-03-25  |v 100.00  |y BK